Košický organový sviatok

Podrobná bibliografia
Hlavný autor: Čurilla, Štefan, 1934- (Autor)
Médium: Článok
Jazyk:slovenčina
ISSN:1335-4140
Predmet:

MARC

LEADER 00000nab a2200000 a 4500
001 vtls000857698
003 SK-MaSNL
005 20260304204243.0
008 250429c2003 xo 0 slo
015 |a SNBRB2004/01-00067 
035 |a CLN000209352 
035 |a urn:nbn:sk:snk-ab1y4c 
035 |a (urnnbn)urn:nbn:sk:snk:ar-a017ma 
035 |a (uuid)2d80f0b6-d6aa-410a-bad1-9a292449373d 
040 |a SNKBUCL  |b slo  |c SNKBUCL  |e AACR2 
041 0 |a slo 
044 |a xo  |c SK 
080 |a 78.091.4:786.6  |2 1997 
080 |a 786.6  |2 1997 
100 1 |a Čurilla, Štefan,  |d 1934-  |4 aut  |9 295498 
245 1 0 |a Košický organový sviatok  |c Štefan Čurilla 
611 1 7 |a Medzinárodný organový festival  |n (33. :  |d 2003 :  |c Košice, Slovensko)  |2 snkbucl  |9 26600 
648 7 |a 2003  |2 snkbucl  |9 301018 
650 0 7 |a hra na organe  |2 snkbucl  |9 15218 
650 0 7 |a hudba pre organ  |2 snkbucl  |9 3374 
650 0 7 |a hudobné festivaly  |2 snkbucl  |9 2958 
651 7 |a Košice (Slovensko)  |2 snkbucl  |9 18694 
655 7 |a články z novín a časopisov  |2 snkbucl  |9 267496 
773 0 |t Hudobný život  |g Roč. 35, č. 11 (2003), s. 12  |x 1335-4140 
850 |a Slovenská národná knižnica 
852 |a Slovenská národná knižnica 
954 |a odborná, vedecká literatúra pôvodná (slovenská)  |2 lita 
958 |a article27 
958 |a OND 
958 |a EUIPO 
992 |a RBX 
999 |c 3115011  |d 3116941